| 000 | 00422nab a2200145Ia 4500 | ||
|---|---|---|---|
| 003 | ES-SlBCS | ||
| 005 | 20210601124931.0 | ||
| 008 | 140529s1987 xxu||||| |||| 00| 0 eng d | ||
| 041 | _aeng | ||
| 100 | 1 |
_aCharlesworth, Maurice _9151617 |
|
| 245 | 0 | 0 |
_aHacker on Secondary Qualities _c Maurice Charlesworth |
| 650 | 0 | 4 |
_aCualidades Secundarias _9151407 |
| 773 | 0 |
_tMind _gvol. 96, 1987, págs. 386-391 _wRev1408 |
|
| 942 | _cAR | ||
| 999 |
_c521957 _d521957 |
||